000 00597nam a2200217Ia 4500
008 160803s9999 xx 000 0 und d
020 _a0 439785073
100 _aBeeler, Selby
245 _aThrow your tooth on the roof :
245 _btooth traditions from around the world /
245 _cSelby B. Beeler ; illustrated by G. Brian Karas.
260 _aNew York :
260 _bScholastic Inc.
260 _c1998
300 _a[30] pages :
300 _bcolor illustration, color map ;
300 _c26 x 28 cm
650 _aTeeth --
650 _xFolklore.
700 _a770
999 _c299281
_d299281